000 00568nam a2200205Ia 4500
003 GCL
008 140319s9999 xx 000 0 eng d
040 _aGCL /
_cGCL
082 0 4 _a020.009
_bE L
100 1 _aEL ABBADI, MOSTAFA
245 1 0 _aLIFE AND FATE OF THE ANCIENT LIBRARY OF ALEXANDRIA /
_cEL ABBADI, MOSTAFA
260 _a[S.N] :
_bUNESCO ،
_c1992
300 _a250 P
650 0 4 _aLIBRARIES
650 0 4 _aALEXANDER 1, 1801 - 1825
650 0 4 _aLIBRARY - HISTORIANS
650 0 4 _aALEXANDRIA LIBRARY
650 0 4 _aSCIENCE - CHEKING
942 _2ddc
_cBK
999 _c14756
_d14756